000 00648nam a2200205Ia 4500
008 191130s2008##################000#0#eng##
020 _a9781599181776
022 _a2008015784
040 _aACL
_cACL
082 _a658.452 BLY
100 _aBly, Robert W
245 _aPersuasive presentations for business
_cRobert W. Bly
260 _aIrvine, CA
_bEntrepreneur Press
_c2008
300 _axiv, 250 p. : ill. ; 23 cm
500 _aIncludes bibliographical references (p. 234-235) and index
650 _aBusiness presentations - Handbooks, manuals, etc
990 _a2d739314ac10000c1a8e16f7f19fbe0d
991 _a148026
999 _c34771
_d34771